000 00326nam a22001217a 4500
040 _cFIZZA ISHAQ
082 _a548.8
_bROY
100 _aGREENO, ROGES CHUDLY ROY.
_985985
245 _aBUILDING CONSTRUCTION HAND BOOK /
_c ROY CHUDLY ROGES GREENO.
260 _aNEW YORK :
_bU.K
_c2020.
300 _a742 P. ;
942 _2ddc
_cBK
999 _c587201
_d587201